[Event "2. ODEM U25 2005"]
[Site "Willingen GER"]
[Date "2005.05.19"]
[Round "7"]
[White "Chernova, Margarita"]
[Black "Sonnhalter, Stella"]
[Result "0-1"]
[Termination "normal"]
[Board "42"]
[WhiteElo "1187"]
[BlackElo "1262"]
[PlyCount "114"]
[BlackFideId "4624815"]
[EventCountry "GER"]
[EventRounds "9"]
[EventType "swiss"]
[EventDate "2005.05.15"]

1. e4 c5 2. Nf3 Nc6 3. d4 cxd4 4. Nxd4 g6 5. Nc3 Bg7 6. Be3 Nf6 7. Be2 O-O 8.
O-O d5 9. Bf3 dxe4 10. Nxc6 bxc6 11. Nxe4 Nxe4 12. Bxe4 Bb7 13. c3 Qc7 14. Bd4
Rfd8 15. Qa4 Bxd4 16. cxd4 Qb6 17. Rfd1 Rd6 18. Qc2 Rxd4 19. Rxd4 Qxd4 20. Rd1
Qb6 21. Rd7 e6 22. Rd6 Rd8 23. Rxd8+ Qxd8 24. h3 Qb6 25. Kh2 Kg7 26. Qc3+ f6
27. Qc4 Qxb2 28. Qxe6 Qe5+ 29. Qxe5 fxe5 30. g4 g5 31. Kg3 h6 32. a4 Kf6 33. h4
Ke7 34. f3 Kd6 35. a5 Kc7 36. hxg5 hxg5 37. Kf2 c5 38. Ke3 Bxe4 39. fxe4 Kc6
40. Kd3 Kb5 41. a6 Kb4 42. Kc2 Kc4 43. Kc1 Kc3 44. Kd1 Kb2 45. Kd2 c4 46. Kd1
c3 47. Ke2 c2 48. Kd3 c1=Q 49. Ke2 Qc3 50. Kd1 Qc2+ 51. Ke1 Kc3 52. Kf1 Qd2 53.
Kg1 Qe2 54. Kh1 Kd3 55. Kg1 Ke3 56. Kh1 Kf3 57. Kg1 Qg2# 0-1

[Event "2. ODEM U25 2005"]
[Site "Willingen GER"]
[Date "2005.05.19"]
[Round "7"]
[White "Neumair, Cedric"]
[Black "Plumbaum, Nadja"]
[Result "1-0"]
[Termination "normal"]
[Board "43"]
[WhiteElo "1240"]
[BlackElo "940"]
[PlyCount "107"]
[WhiteFideId "4698304"]
[BlackFideId "24691941"]
[EventCountry "GER"]
[EventRounds "9"]
[EventType "swiss"]
[EventDate "2005.05.15"]

1. e4 c5 2. Nc3 Nc6 3. f4 d6 4. Nf3 Bg4 5. h3 Bxf3 6. Qxf3 Nd4 7. Bb5+ Nc6 8.
e5 Rc8 9. O-O a6 10. Bxc6+ Rxc6 11. e6 Nh6 12. exf7+ Nxf7 13. d3 g6 14. f5 Ne5
15. Qd5 gxf5 16. Rxf5 Qd7 17. Rxe5 dxe5 18. Qxe5 Rg8 19. Qh5+ Rcg6 20. Ne4 Qc7
21. Be3 Kd8 22. g4 Rf6 23. Qd5+ Kc8 24. Qxg8 Rf3 25. Kg2 Rxe3 26. Qxf8+ Kd7 27.
Qf5+ Ke8 28. Qxc5 Qf4 29. Qc8+ Kf7 30. Qf5+ Qxf5 31. gxf5 Re2+ 32. Kf3 Rxc2 33.
Ng5+ Kf6 34. Nxh7+ Kxf5 35. Re1 Rh2 36. Kg3 Rxb2 37. Rxe7 Rxa2 38. Rxb7 Ra3 39.
Rd7 Ke6 40. Rd8 Ra1 41. h4 a5 42. h5 a4 43. h6 a3 44. Ng5+ Kf6 45. h7 Rg1+ 46.
Kh2 Rxg5 47. h8=Q+ Kf5 48. Rd5+ Kf4 49. Qd4+ Kf3 50. Rxg5 a2 51. Rf5+ Ke2 52.
Rf2+ Ke1 53. Rxa2 Kd1 54. Qa1# 1-0

[Event "2. ODEM U25 2005"]
[Site "Willingen GER"]
[Date "2005.05.19"]
[Round "7"]
[White "Lebeda, Lukas"]
[Black "Nöttling, Dominik"]
[Result "1-0"]
[Termination "normal"]
[Board "44"]
[WhiteElo "1222"]
[BlackElo "1179"]
[PlyCount "121"]
[BlackFideId "24672807"]
[EventCountry "GER"]
[EventRounds "9"]
[EventType "swiss"]
[EventDate "2005.05.15"]

1. c4 e5 2. g3 Nf6 3. Bg2 Bc5 4. d3 Ng4 5. e3 d6 6. Nc3 O-O 7. Nf3 Nc6 8. O-O
Be6 9. Rb1 Qd7 10. a3 a5 11. Bd2 Rfe8 12. Nb5 Rac8 13. d4 Bxc4 14. dxc5 Bxb5
15. Re1 dxc5 16. Bh3 Rcd8 17. a4 Ba6 18. b3 Nb4 19. Bxb4 Qe6 20. Bd2 Nxf2 21.
Bxe6 Nxd1 22. Bxf7+ Kxf7 23. Rbxd1 b6 24. Kf2 Rd5 25. Bc3 Rxd1 26. Rxd1 e4 27.
Ne5+ Kf6 28. Rd7 Re7 29. Nc6+ Ke6 30. Rxe7+ Kd6 31. Rxe4 Bb7 32. Bxg7 Bxc6 33.
Kf3 Bxe4+ 34. Kxe4 Ke6 35. Be5 c6 36. Bc7 b5 37. axb5 cxb5 38. Bxa5 c4 39. bxc4
bxc4 40. Kd4 Kf5 41. h3 h5 42. g4+ hxg4 43. hxg4+ Kxg4 44. Ke5 Kg5 45. Ke6 Kg6
46. e4 Kg7 47. Bb4 Kg6 48. e5 Kg7 49. Kd7 Kf7 50. e6+ Kf6 51. e7 Kf7 52. e8=Q+
Kf6 53. Qe6+ Kg5 54. Bd2+ Kh4 55. Qg6 c3 56. Bxc3 Kh3 57. Qg5 Kh2 58. Bd4 Kh3
59. Bf2 Kh2 60. Qg1+ Kh3 61. Qg3# 1-0

[Event "2. ODEM U25 2005"]
[Site "Willingen GER"]
[Date "2005.05.19"]
[Round "7"]
[White "Sadjjadi, Bijan Viktor"]
[Black "Zimmerer, David"]
[Result "0-1"]
[Termination "normal"]
[Board "46"]
[WhiteElo "750"]
[BlackElo "1193"]
[PlyCount "30"]
[BlackFideId "4620224"]
[EventCountry "GER"]
[EventRounds "9"]
[EventType "swiss"]
[EventDate "2005.05.15"]

1. e4 c5 2. Bc4 Nc6 3. Nf3 g6 4. Ng5 e6 5. O-O Qxg5 6. d4 Qd8 7. dxc5 Bxc5 8.
Be3 Bxe3 9. fxe3 Qe7 10. Qf3 Ne5 11. Qe2 Nxc4 12. Qxc4 Nf6 13. e5 Nd5 14. Nd2
Nxe3 15. Qc3 Nxf1 0-1

[Event "2. ODEM U25 2005"]
[Site "Willingen GER"]
[Date "2005.05.19"]
[Round "7"]
[White "Nitsche-Hahn, Raphael"]
[Black "Hauffen, Kai"]
[Result "1-0"]
[Termination "normal"]
[Board "47"]
[WhiteElo "1086"]
[BlackElo "1120"]
[PlyCount "87"]
[WhiteFideId "4613120"]
[EventCountry "GER"]
[EventRounds "9"]
[EventType "swiss"]
[EventDate "2005.05.15"]

1. d4 Nf6 2. c4 e6 3. Nf3 d5 4. e3 Be7 5. Bd3 O-O 6. O-O c5 7. Nc3 Nc6 8. cxd5
exd5 9. dxc5 Bxc5 10. b3 Bg4 11. Be2 d4 12. Nxd4 Bxd4 13. exd4 Qxd4 14. Bxg4
Qxg4 15. Qxg4 Nxg4 16. Ba3 Rfe8 17. Rfe1 Rab8 18. Rxe8+ Rxe8 19. h3 Nf6 20. Rd1
h6 21. Rd2 Ne4 22. Re2 Nd4 23. Rxe4 Rxe4 24. Nxe4 f5 25. Nd6 b5 26. Bc5 Ne6 27.
Bxa7 b4 28. Nxf5 Kf7 29. Nd4 Nf4 30. Bc5 Nd5 31. Nc6 Ke6 32. Nxb4 Nf4 33. a4
Nd5 34. Nxd5 Kxd5 35. Bf8 g6 36. b4 Kc6 37. b5+ Kb6 38. Bb4 h5 39. g4 h4 40. f4
Kc7 41. a5 Kb7 42. a6+ Kb6 43. Ba5+ Ka7 44. f5 1-0

[Event "2. ODEM U25 2005"]
[Site "Willingen GER"]
[Date "2005.05.19"]
[Round "7"]
[White "Gheng, Christian"]
[Black "Rosenkranz, Christian"]
[Result "0-1"]
[Termination "normal"]
[Board "48"]
[WhiteElo "743"]
[BlackElo "1232"]
[PlyCount "38"]
[WhiteFideId "24660345"]
[BlackFideId "24674494"]
[EventCountry "GER"]
[EventRounds "9"]
[EventType "swiss"]
[EventDate "2005.05.15"]

1. e4 e5 2. Bc4 Nc6 3. Nf3 Bc5 4. c3 Nf6 5. d4 exd4 6. cxd4 Bb4+ 7. Bd2 Nxe4 8.
d5 Nxd2 9. dxc6 Nxc4+ 10. Nc3 Nxb2 11. cxd7+ Bxd7 12. Qb3 Qf6 13. Qxb4 Nd3+ 14.
Kf1 Nxb4 15. Rc1 Qa6+ 16. Kg1 Nxa2 17. Nxa2 Qxa2 18. Rxc7 Qa1+ 19. Ne1 Qxe1#
0-1

[Event "2. ODEM U25 2005"]
[Site "Willingen GER"]
[Date "2005.05.20"]
[Round "8"]
[White "Lantzsch, Christian"]
[Black "Bietz, Fabian"]
[Result "1/2-1/2"]
[Termination "normal"]
[Board "1"]
[WhiteElo "2141"]
[BlackElo "2028"]
[PlyCount "106"]
[WhiteFideId "4659821"]
[BlackFideId "24625930"]
[EventCountry "GER"]
[EventRounds "9"]
[EventType "swiss"]
[EventDate "2005.05.15"]

1. d4 Nf6 2. Nf3 g6 3. Nc3 Bg7 4. e4 d6 5. Be2 O-O 6. O-O Nbd7 7. e5 dxe5 8.
dxe5 Ng4 9. e6 Nde5 10. exf7+ Nxf7 11. Bc4 Kh8 12. Qxd8 Nxd8 13. Re1 Nc6 14. h3
Nge5 15. Nxe5 Nxe5 16. Bb3 c6 17. Bg5 Bxh3 18. f4 Rf5 19. gxh3 Nf3+ 20. Kg2
Nxe1+ 21. Rxe1 Bf6 22. Bxf6+ exf6 23. Re7 Rxf4 24. Rxb7 Rd8 25. Rxa7 Rd2+ 26.
Kg3 g5 27. Re7 h5 28. Re2 Rxe2 29. Nxe2 Re4 30. Kf2 Kg7 31. a4 Re5 32. Bc4 Ra5
33. Nc3 c5 34. Bb5 f5 35. Nd5 Kf7 36. c3 Ke6 37. b4 cxb4 38. cxb4 Ra7 39. Bc4
Ke5 40. a5 Kd4 41. Nb6 Kc3 42. a6 Kxb4 43. Be2 h4 44. Nc8 Ra8 45. Nb6 Ra7 46.
Nd5+ Kc5 47. Ne3 g4 48. Nxg4 fxg4 49. hxg4 Kd4 50. g5 Ke4 51. g6 Kf5 52. Bd3+
Kf6 53. Kg2 Rxa6 1/2-1/2

[Event "2. ODEM U25 2005"]
[Site "Willingen GER"]
[Date "2005.05.20"]
[Round "8"]
[White "Vandenbergen, Nicolas"]
[Black "Braun, Vitali"]
[Result "1-0"]
[Termination "normal"]
[Board "2"]
[WhiteElo "2057"]
[BlackElo "2232"]
[PlyCount "115"]
[BlackFideId "4684915"]
[EventCountry "GER"]
[EventRounds "9"]
[EventType "swiss"]
[EventDate "2005.05.15"]

1. d4 d5 2. c4 c6 3. Nc3 Nf6 4. Nf3 a6 5. Ne5 dxc4 6. a4 Bf5 7. g3 Nbd7 8. Nxc4
Ne4 9. Bg2 Ndf6 10. O-O e6 11. Qb3 Ra7 12. f3 Nxc3 13. bxc3 Be7 14. e4 Bg6 15.
Be3 b5 16. Ne5 Qb6 17. axb5 cxb5 18. c4 O-O 19. cxb5 Rb7 20. Rfb1 axb5 21. Bf1
b4 22. Ra6 Qd8 23. Qa4 Qe8 24. Nc6 Nd5 25. Bd2 Bf6 26. Rb3 Nc7 27. Ra5 Rb6 28.
Nxb4 Bxd4+ 29. Be3 Qd8 30. Nc6 Bxe3+ 31. Rxe3 Qd2 32. Rd3 Qc1 33. Ne7+ Kh8 34.
Qd4 Rb1 35. Qf2 Re8 36. Rc5 Qxf1+ 37. Qxf1 Rxf1+ 38. Kxf1 Rxe7 39. Rxc7 Re8 40.
Re7 Ra8 41. Red7 Ra1+ 42. Rd1 Rxd1+ 43. Rxd1 h6 44. Kf2 f6 45. Ke3 Kg8 46. Rd7
Be8 47. Re7 Bf7 48. f4 Kf8 49. Ra7 Bh5 50. Kd4 Bf3 51. e5 fxe5+ 52. fxe5 g5 53.
Kc5 h5 54. Kd6 Bg4 55. Re7 h4 56. Rxe6 hxg3 57. hxg3 Kg7 58. Rf6 1-0

[Event "2. ODEM U25 2005"]
[Site "Willingen GER"]
[Date "2005.05.20"]
[Round "8"]
[White "Banik, Thorsten"]
[Black "Zentgraf, Robert"]
[Result "1-0"]
[Termination "normal"]
[Board "3"]
[WhiteElo "2107"]
[BlackElo "2082"]
[PlyCount "91"]
[WhiteFideId "4659376"]
[BlackFideId "4676483"]
[EventCountry "GER"]
[EventRounds "9"]
[EventType "swiss"]
[EventDate "2005.05.15"]

1. d4 Nf6 2. Bg5 c5 3. Bxf6 gxf6 4. d5 Qb6 5. Qc1 f5 6. c3 Bg7 7. e3 d6 8. Nd2
Nd7 9. Nc4 Qc7 10. a4 Nb6 11. Qd2 Bd7 12. a5 Nxc4 13. Bxc4 O-O 14. Ne2 b5 15.
axb6 axb6 16. Rd1 b5 17. Bb3 b4 18. O-O Ba4 19. Bxa4 Rxa4 20. Qc2 Ra2 21. Nc1
Ra7 22. cxb4 cxb4 23. Qxf5 Bxb2 24. Nd3 Bc3 25. Nxb4 Bxb4 26. Qg4+ Kh8 27. Qxb4
Rg8 28. Ra1 Rb7 29. Qd4+ f6 30. Rab1 Rxb1 31. Rxb1 Qc2 32. Ra1 Rb8 33. g3 Rb1+
34. Rxb1 Qxb1+ 35. Kg2 Qb7 36. h4 e5 37. Qc4 Kg7 38. Qc6 Qe7 39. Qc8 e4 40. Qf5
Kf8 41. g4 h6 42. Kg3 Qe5+ 43. Qxe5 dxe5 44. f3 exf3 45. Kxf3 Ke7 46. e4 1-0

[Event "2. ODEM U25 2005"]
[Site "Willingen GER"]
[Date "2005.05.20"]
[Round "8"]
[White "Schinkowski, Christoph"]
[Black "Bigalke, Tobias"]
[Result "1-0"]
[Termination "normal"]
[Board "4"]
[WhiteElo "2193"]
[BlackElo "2009"]
[PlyCount "49"]
[WhiteFideId "4686632"]
[BlackFideId "4698282"]
[EventCountry "GER"]
[EventRounds "9"]
[EventType "swiss"]
[EventDate "2005.05.15"]

1. c4 e6 2. g3 Nf6 3. Bg2 c5 4. Nf3 Nc6 5. O-O Be7 6. Nc3 a6 7. d4 cxd4 8. Nxd4
O-O 9. b3 Qc7 10. Bb2 Rd8 11. Rc1 b6 12. Nd5 exd5 13. cxd5 Bc5 14. Nf5 Ne8 15.
e4 Rb8 16. b4 Nxb4 17. d6 Qa7 18. Rxc5 bxc5 19. Bxg7 Nxd6 20. Qg4 Nxf5 21. Bf6+
Kf8 22. exf5 d5 23. Re1 Be6 24. Qg7+ Ke8 25. fxe6 1-0

[Event "2. ODEM U25 2005"]
[Site "Willingen GER"]
[Date "2005.05.20"]
[Round "8"]
[White "Hort, Alexej"]
[Black "Patzer, Stefan"]
[Result "1/2-1/2"]
[Termination "normal"]
[Board "5"]
[WhiteElo "2105"]
[BlackElo "1997"]
[PlyCount "44"]
[WhiteFideId "4678125"]
[BlackFideId "24601209"]
[EventCountry "GER"]
[EventRounds "9"]
[EventType "swiss"]
[EventDate "2005.05.15"]

1. d4 f5 2. Nc3 Nf6 3. Bg5 e6 4. Nf3 Be7 5. Bxf6 Bxf6 6. e4 fxe4 7. Nxe4 O-O 8.
Bd3 b6 9. Ne5 d5 10. Nxf6+ Qxf6 11. O-O Nd7 12. f4 Qh4 13. g3 Qh6 14. Qe2 Nxe5
15. Qxe5 Qf6 16. Rae1 Qxe5 17. Rxe5 c6 18. c4 Rd8 19. Rfe1 dxc4 20. Bxc4 Rxd4
21. Bb3 a5 22. Bd1 Bd7 1/2-1/2

[Event "2. ODEM U25 2005"]
[Site "Willingen GER"]
[Date "2005.05.20"]
[Round "8"]
[White "Röber, Jürgen"]
[Black "Nuber, Korbinian"]
[Result "1/2-1/2"]
[Termination "normal"]
[Board "6"]
[WhiteElo "2040"]
[BlackElo "2073"]
[PlyCount "37"]
[WhiteFideId "4697090"]
[BlackFideId "24607231"]
[EventCountry "GER"]
[EventRounds "9"]
[EventType "swiss"]
[EventDate "2005.05.15"]

1. e4 Nf6 2. Nc3 d5 3. e5 d4 4. exf6 dxc3 5. fxe7 cxd2+ 6. Bxd2 Bxe7 7. Bc3
Qxd1+ 8. Rxd1 O-O 9. Nf3 Bg4 10. Be2 Nc6 11. O-O Bb4 12. Bxb4 Nxb4 13. c3 Nc6
14. Nd4 Bxe2 15. Nxe2 Rad8 16. Nc1 Rxd1 17. Rxd1 Rd8 18. Rxd8+ Nxd8 19. Nd3
1/2-1/2

[Event "2. ODEM U25 2005"]
[Site "Willingen GER"]
[Date "2005.05.20"]
[Round "8"]
[White "Kesten, Sebastian"]
[Black "Stuhl, Alexander"]
[Result "0-1"]
[Termination "normal"]
[Board "7"]
[WhiteElo "1978"]
[BlackElo "2071"]
[PlyCount "100"]
[WhiteFideId "24616214"]
[BlackFideId "24601373"]
[EventCountry "GER"]
[EventRounds "9"]
[EventType "swiss"]
[EventDate "2005.05.15"]

1. d4 e6 2. Nf3 Nf6 3. c4 Bb4+ 4. Bd2 Qe7 5. e3 Bxd2+ 6. Nbxd2 d6 7. Qc2 O-O 8.
Bd3 e5 9. O-O Re8 10. Ng5 h6 11. Nge4 Nc6 12. dxe5 Nxe5 13. Nxf6+ Qxf6 14. Be2
Bd7 15. Nf3 Bf5 16. Qb3 Rab8 17. Nxe5 Rxe5 18. Bf3 Bh3 19. Qd1 Rg5 20. Kh1 Be6
21. Qe2 b5 22. cxb5 Rbxb5 23. b3 Qg6 24. Rfd1 h5 25. Rac1 Rbc5 26. b4 Rxc1 27.
Rxc1 c5 28. b5 h4 29. a4 h3 30. g3 c4 31. e4 Rc5 32. Qe3 Qf6 33. Be2 Qb2 34.
Kg1 Qa2 35. Bd1 c3 36. Qd3 Qd2 37. Qxd2 cxd2 38. Rxc5 dxc5 39. f3 c4 40. Kf2 c3
41. Ke3 Bc4 42. Be2 c2 43. Kxd2 Bxe2 44. Kxc2 Bxf3 45. Kd3 Kf8 46. a5 Bg2 47.
Kd4 Bf1 48. Kc5 Ke7 49. Kc6 Kd8 50. a6 Kc8 0-1

[Event "2. ODEM U25 2005"]
[Site "Willingen GER"]
[Date "2005.05.20"]
[Round "8"]
[White "Dahmen, Christoph"]
[Black "Jähn, Michael"]
[Result "1-0"]
[Termination "normal"]
[Board "8"]
[WhiteElo "2050"]
[BlackElo "1977"]
[PlyCount "97"]
[WhiteFideId "4692160"]
[BlackFideId "24623466"]
[EventCountry "GER"]
[EventRounds "9"]
[EventType "swiss"]
[EventDate "2005.05.15"]

1. d4 Nf6 2. c4 e6 3. Nf3 b6 4. Nc3 Bb7 5. Bg5 Be7 6. e3 O-O 7. Bd3 d5 8. Qc2
h6 9. Bh4 Nbd7 10. O-O c5 11. Rad1 cxd4 12. Nxd4 Rc8 13. cxd5 Nxd5 14. Bxe7
Qxe7 15. Nxd5 Bxd5 16. Qe2 Nc5 17. Bb1 Rfd8 18. Qg4 Qf6 19. f4 Be4 20. f5 exf5
21. Nxf5 Bxf5 22. Bxf5 Rxd1 23. Rxd1 Rd8 24. Rf1 Qxb2 25. Bb1 Qe5 26. Qf3 Qd5
27. e4 Qd4+ 28. Kh1 Qf6 29. Qe2 Qe5 30. a4 Rf8 31. a5 bxa5 32. Qb5 Qc7 33. e5
Qb6 34. Qc4 Qa6 35. Qf4 Qe6 36. Qd4 Nb3 37. Qd3 g6 38. Qe3 Kg7 39. Qg3 f5 40.
Rd1 Re8 41. Rd6 Qf7 42. Rf6 Qxf6 43. exf6+ Kxf6 44. Qc3+ Re5 45. Kg1 a4 46. Bc2
Nc1 47. Bd1 Na2 48. Qc6+ Kg5 49. h4+ 1-0

[Event "2. ODEM U25 2005"]
[Site "Willingen GER"]
[Date "2005.05.20"]
[Round "8"]
[White "Sonntag, Hermann"]
[Black "Sieker, Roland"]
[Result "0-1"]
[Termination "normal"]
[Board "10"]
[WhiteElo "2016"]
[BlackElo "1895"]
[PlyCount "108"]
[WhiteFideId "4695925"]
[BlackFideId "24600261"]
[EventCountry "GER"]
[EventRounds "9"]
[EventType "swiss"]
[EventDate "2005.05.15"]

1. f4 d5 2. b3 Bg4 3. Bb2 e6 4. g3 c5 5. Bg2 Nc6 6. Nf3 Nf6 7. O-O Be7 8. d3 d4
9. c4 O-O 10. Nbd2 Qc7 11. Ne4 Rad8 12. Qd2 Bf5 13. Nfg5 Ng4 14. Rf3 Ne3 15.
Rxe3 dxe3 16. Qxe3 h6 17. Nf3 Nb4 18. Ne1 b6 19. a3 Nc6 20. Nf3 Bxe4 21. Qxe4
Nd4 22. Nxd4 cxd4 23. Rf1 Qd6 24. Bc1 f5 25. Qf3 Qd7 26. g4 g6 27. Qg3 Kh7 28.
g5 h5 29. Rf3 b5 30. Qf2 Kg7 31. Bb2 Kf7 32. e4 dxe3 33. Qxe3 bxc4 34. dxc4 Qd6
35. Qxa7 Qc5+ 36. Qxc5 Bxc5+ 37. Kf1 Rd1+ 38. Ke2 Rfd8 39. Bc3 Bxa3 40. Ba5
R8d7 41. Rf1 Rxf1 42. Bxf1 Rb7 43. b4 Bxb4 44. Bg2 Rb8 45. Bxb4 Rxb4 46. Kd3
Rb2 47. Ba8 Rxh2 48. c5 Ke7 49. Kc4 Rf2 50. Kb5 Kd7 51. Bc6+ Kc7 52. Be8 h4 53.
Bxg6 h3 54. Bf7 h2 0-1

[Event "2. ODEM U25 2005"]
[Site "Willingen GER"]
[Date "2005.05.20"]
[Round "8"]
[White "Gölz, Daniel"]
[Black "Kühner, Christian"]
[Result "1-0"]
[Termination "normal"]
[Board "11"]
[WhiteElo "1809"]
[BlackElo "2150"]
[PlyCount "59"]
[WhiteFideId "24626325"]
[BlackFideId "4679440"]
[EventCountry "GER"]
[EventRounds "9"]
[EventType "swiss"]
[EventDate "2005.05.15"]

1. e4 e6 2. d4 c5 3. Nf3 cxd4 4. Nxd4 a6 5. Bd3 Nf6 6. O-O d6 7. c4 Nbd7 8. Nc3
Be7 9. Be3 Qc7 10. Rc1 b6 11. a3 Bb7 12. f3 Rc8 13. b4 Qb8 14. f4 h5 15. Qe2
Qa8 16. Bd2 g6 17. Rce1 e5 18. Nf3 exf4 19. Bxf4 Ng4 20. Nd5 Nge5 21. Ng5 Bxd5
22. exd5 Bxg5 23. Bxg5 O-O 24. Bh6 Rfe8 25. Qf2 Re7 26. Rxe5 dxe5 27. d6 Qc6
28. dxe7 Qe6 29. Qh4 Re8 30. c5 1-0

[Event "2. ODEM U25 2005"]
[Site "Willingen GER"]
[Date "2005.05.20"]
[Round "8"]
[White "Krensing, Jan"]
[Black "Rafiee, Makan"]
[Result "1-0"]
[Termination "normal"]
[Board "12"]
[WhiteElo "2233"]
[BlackElo "1992"]
[PlyCount "55"]
[WhiteFideId "4671694"]
[BlackFideId "24609340"]
[EventCountry "GER"]
[EventRounds "9"]
[EventType "swiss"]
[EventDate "2005.05.15"]

1. c4 c5 2. Nf3 Nc6 3. d4 cxd4 4. Nxd4 g6 5. e4 Bg7 6. Nc2 d6 7. Be2 e6 8. Nc3
a6 9. Be3 Nge7 10. Qd2 O-O 11. Bh6 f5 12. Bxg7 Kxg7 13. Rd1 fxe4 14. Nxe4 d5
15. Qc3+ e5 16. cxd5 Nxd5 17. Qc5 Be6 18. Bc4 Nce7 19. Bxd5 Nxd5 20. Nd6 Qg5
21. O-O Nf4 22. Ne3 Nh3+ 23. Kh1 Nxf2+ 24. Rxf2 Rxf2 25. Ne4 Qh4 26. Nxf2 Qxf2
27. Rf1 Rc8 28. Qxe5+ 1-0

[Event "2. ODEM U25 2005"]
[Site "Willingen GER"]
[Date "2005.05.20"]
[Round "8"]
[White "Willems, Sebastian"]
[Black "Neidlinger, Markus"]
[Result "0-1"]
[Termination "normal"]
[Board "13"]
[WhiteElo "1786"]
[BlackElo "2110"]
[PlyCount "76"]
[BlackFideId "4697839"]
[EventCountry "GER"]
[EventRounds "9"]
[EventType "swiss"]
[EventDate "2005.05.15"]

1. c4 g6 2. Nf3 Bg7 3. e3 d6 4. Be2 c6 5. d3 Bd7 6. Nbd2 a5 7. Rb1 Na6 8. b3
Nf6 9. a3 O-O 10. Bb2 Qc7 11. h3 e5 12. g4 Nc5 13. Qc2 Ne6 14. Bc3 h6 15. Qb2
c5 16. a4 Bc6 17. Rg1 Nh7 18. Nh4 Qe7 19. Nhf3 Rfe8 20. h4 b6 21. Kd1 Rad8 22.
Kc2 Qb7 23. e4 Nf4 24. Rbe1 Nf6 25. g5 Nxe4 26. dxe4 Bxe4+ 27. Nxe4 Qxe4+ 28.
Kc1 d5 29. cxd5 Rxd5 30. Qc2 Nxe2+ 31. Qxe2 Qf5 32. Qe4 Qe6 33. Kb2 hxg5 34.
Nxg5 Qd7 35. h5 f5 36. Qh4 e4 37. Bxg7 Rd2+ 38. Kc1 Qd3 0-1

[Event "2. ODEM U25 2005"]
[Site "Willingen GER"]
[Date "2005.05.20"]
[Round "8"]
[White "Leisner, Hannes"]
[Black "Frey, Claudia"]
[Result "1/2-1/2"]
[Termination "normal"]
[Board "15"]
[WhiteElo "2022"]
[BlackElo "1911"]
[PlyCount "95"]
[WhiteFideId "4692705"]
[BlackFideId "24614513"]
[EventCountry "GER"]
[EventRounds "9"]
[EventType "swiss"]
[EventDate "2005.05.15"]

1. e4 c6 2. d4 d5 3. e5 c5 4. c3 Nc6 5. Bb5 e6 6. Ne2 Bd7 7. O-O a6 8. Bxc6
Bxc6 9. a4 cxd4 10. Nxd4 Ne7 11. f4 g6 12. Nd2 Nf5 13. N2f3 h5 14. b4 Be7 15.
Bd2 Rc8 16. Qe2 a5 17. b5 Bd7 18. Kh1 h4 19. Rfc1 Rc4 20. Nxf5 exf5 21. e6 Bxe6
22. Ne5 Re4 23. Qd3 Bf6 24. Nf3 h3 25. g3 O-O 26. Be3 Rc4 27. Nd2 Rc8 28. Bd4
Bxd4 29. cxd4 Qd6 30. Qb3 Rc7 31. Kg1 Rfc8 32. Rxc7 Rxc7 33. Kf2 Qd8 34. Ke2 f6
35. Ra2 Bf7 36. Kd1 Qe8 37. Qd3 Re7 38. Qf1 g5 39. fxg5 Bh5+ 40. Kc2 Qc8+ 41.
Kb1 fxg5 42. Rc2 Qe6 43. Qxh3 Bd1 44. Rc5 Bxa4 45. Qg2 Rd7 46. Qf2 Bd1 47. Nf1
Qe4+ 48. Kc1 1/2-1/2

[Event "2. ODEM U25 2005"]
[Site "Willingen GER"]
[Date "2005.05.20"]
[Round "8"]
[White "Blaschke, Tobias"]
[Black "Simon, Eric"]
[Result "0-1"]
[Termination "normal"]
[Board "16"]
[WhiteElo "2000"]
[BlackElo "1896"]
[PlyCount "88"]
[WhiteFideId "24614297"]
[EventCountry "GER"]
[EventRounds "9"]
[EventType "swiss"]
[EventDate "2005.05.15"]

1. e4 e6 2. Nc3 d5 3. Nf3 Nf6 4. e5 Nfd7 5. d4 c5 6. dxc5 Bxc5 7. Bd3 Nc6 8.
Bf4 a6 9. O-O Nb4 10. Be2 f5 11. a3 Nc6 12. Bd3 O-O 13. Qe2 b5 14. Bg3 Nd4 15.
Nxd4 Bxd4 16. Qd2 Bxe5 17. Bxe5 Nxe5 18. Rae1 Nc6 19. f4 Na5 20. Rf3 Ra7 21.
Ne2 Qb6+ 22. Kh1 Nb7 23. c3 Nd6 24. Nd4 Ne4 25. Qe2 g6 26. Re3 Rg7 27. Rh3 Qd6
28. Qe3 e5 29. fxe5 Qxe5 30. Kg1 f4 31. Qf3 Bxh3 32. Bxe4 dxe4 33. Rxe4 Qd5 34.
gxh3 Re7 35. Rxe7 Qg5+ 36. Qg4 Qxe7 37. Ne6 Rf6 38. Nd4 Qe3+ 39. Kg2 h5 40.
Qc8+ Rf8 41. Qxa6 f3+ 42. Kf1 Qd3+ 43. Kf2 Qd2+ 44. Kf1 Qg2+ 0-1

[Event "2. ODEM U25 2005"]
[Site "Willingen GER"]
[Date "2005.05.20"]
[Round "8"]
[White "Katte, Nicolas"]
[Black "Roitzsch, Philipp"]
[Result "0-1"]
[Termination "normal"]
[Board "18"]
[WhiteElo "1946"]
[BlackElo "1830"]
[PlyCount "48"]
[WhiteFideId "24614149"]
[BlackFideId "24635529"]
[EventCountry "GER"]
[EventRounds "9"]
[EventType "swiss"]
[EventDate "2005.05.15"]

1. d4 Nf6 2. Nf3 e6 3. Bf4 b6 4. e3 Bb7 5. Bd3 Be7 6. Nbd2 d6 7. O-O Nbd7 8. c3
O-O 9. Qc2 h6 10. e4 e5 11. dxe5 dxe5 12. Nxe5 Nc5 13. f3 Nxd3 14. Nxd3 Ba6 15.
c4 Qd4+ 16. Nf2 Nh5 17. Bg3 Nxg3 18. hxg3 Rad8 19. Rad1 Bb4 20. Qa4 Bxd2 21.
Qxa6 Qxb2 22. Qxa7 Be3 23. Rde1 Bc5 24. Qxc7 Rd2 0-1

[Event "2. ODEM U25 2005"]
[Site "Willingen GER"]
[Date "2005.05.20"]
[Round "8"]
[White "Zayadeh, Raphael"]
[Black "Dalakian, Haroutioun"]
[Result "1-0"]
[Termination "normal"]
[Board "19"]
[WhiteElo "1928"]
[BlackElo "1746"]
[PlyCount "93"]
[BlackFideId "24632058"]
[EventCountry "GER"]
[EventRounds "9"]
[EventType "swiss"]
[EventDate "2005.05.15"]

1. d4 Nf6 2. c4 g6 3. Nc3 Bg7 4. e4 d6 5. Nf3 O-O 6. Be2 e5 7. d5 Nbd7 8. Bg5
h6 9. Bh4 g5 10. Bg3 Ne8 11. Nd2 a5 12. h4 Nc5 13. hxg5 hxg5 14. Nb3 f5 15.
exf5 Bxf5 16. Nxc5 dxc5 17. Bg4 Qd7 18. Bxf5 Qxf5 19. Qb1 Nd6 20. Qxf5 Rxf5 21.
b3 e4 22. Rc1 Re8 23. Bxd6 Bxc3+ 24. Rxc3 cxd6 25. Rh6 Rd8 26. Rch3 Kg7 27.
Rh7+ Kf6 28. Ke2 g4 29. R3h6+ Ke5 30. Ke3 Re8 31. Rg7 g3 32. Rxg3 a4 33. Rg4
Rff8 34. Rg5+ Rf5 35. Rxf5+ Kxf5 36. Rxd6 axb3 37. axb3 Rg8 38. Rh6 Rxg2 39. d6
Rg7 40. Rh5+ Ke6 41. Rd5 Rd7 42. Kxe4 Rxd6 43. Rxd6+ Kxd6 44. Kf5 b6 45. Kf6
Kc6 46. f4 b5 47. f5 1-0

[Event "2. ODEM U25 2005"]
[Site "Willingen GER"]
[Date "2005.05.20"]
[Round "8"]
[White "Mazarov, Jürgen"]
[Black "Lüders, Morten"]
[Result "1-0"]
[Termination "normal"]
[Board "20"]
[WhiteElo "1958"]
[BlackElo "1728"]
[PlyCount "97"]
[WhiteFideId "24617768"]
[EventCountry "GER"]
[EventRounds "9"]
[EventType "swiss"]
[EventDate "2005.05.15"]

1. e4 c5 2. Nf3 d6 3. d4 cxd4 4. Nxd4 Nf6 5. Nc3 a6 6. f3 e5 7. Nb3 Be6 8. Be3
Nbd7 9. Qd2 b5 10. g4 Nb6 11. Bxb6 Qxb6 12. O-O-O b4 13. Nd5 Bxd5 14. exd5 Be7
15. h4 a5 16. Kb1 a4 17. Nc1 O-O 18. h5 Nd7 19. g5 f5 20. gxf6 Bxf6 21. Bd3 Nc5
22. Rhg1 b3 23. cxb3 axb3 24. a3 e4 25. Bxe4 Nxe4 26. fxe4 Rxa3 27. bxa3 Ra8
28. Rgf1 b2 29. Na2 Rxa3 30. Qb4 Qa7 31. Rxf6 Rxa2 32. Rff1 Ra6 33. Kc2 Rb6 34.
Qc4 h6 35. Rb1 Rb7 36. Kd3 Qa3+ 37. Kd2 Rb4 38. Qc3 Rb3 39. Qc8+ Kh7 40. Qf5+
Kg8 41. Qc8+ Kh7 42. Rf8 Qb4+ 43. Kc2 Qxe4+ 44. Kxb3 Qxd5+ 45. Kxb2 Qb5+ 46.
Kc3 Qe5+ 47. Kb4 Qd4+ 48. Ka5 Qd5+ 49. Rb5 1-0